| 000 | 01021nam a2200325 c 4500 | ||
|---|---|---|---|
| 001 | 190660 | ||
| 003 | SpMaBN | ||
| 005 | 20240131063034.0 | ||
| 008 | 170901s2017 sp | |||| 000 f spa | ||
| 015 | _aMON17 | ||
| 017 |
_aB 14399-2017 _bOficina Depósito Legal Barcelona |
||
| 020 | _a9788439733089 | ||
| 035 | _a(OCoLC)1003346688 | ||
| 040 |
_aSpMaBN _bspa _cSpMaBN _erdc |
||
| 080 | _a821.134.2-31"19" | ||
| 100 | 1 |
_aGopegui, Belén _d1963- _4aut _0XX1060698 _9234966 |
|
| 240 | 1 | 0 | _aQuédate este día y esta noche conmigo |
| 245 | 1 | 0 |
_aQuédate este día y esta noche conmigo _cBelén Gopegui |
| 250 | _a1ª ed. | ||
| 260 |
_aBarcelona _bLiteratura Random House _c2017 |
||
| 300 |
_a184 p. _c23 cm |
||
| 336 |
_aTexto (visual) _2isbdcontent |
||
| 337 |
_asin mediación _2isbdmedia |
||
| 852 |
_aES-MaACL _bR.152170 _cDEPO1 _dOlim: N-7931 _jA-14931 _hDonacion: Jose C Piera Gil _9197840 |
||
| 901 | _a"ISBN" | ||
| 901 | _a Piera Gil | ||
| 942 | _2udc | ||
| 956 | _a2 | ||
| 999 |
_c190660 _d190660 |
||